Seven Years in Tibet (Record no. 194995)

000 -LEADER
fixed length control field 00845 a2200157 4500
003 - CONTROL NUMBER IDENTIFIER
control field Nust
005 - DATE AND TIME OF LATEST TRANSACTION
control field 20170207154214.0
040 ## - CATALOGING SOURCE
Transcribing agency Nust
082 ## - DEWEY DECIMAL CLASSIFICATION NUMBER
Classification number 952.1
100 ## - MAIN ENTRY--PERSONAL NAME
Personal name Heinrich Harrer
245 ## - TITLE STATEMENT
Title Seven Years in Tibet
Statement of responsibility, etc. Heinrich Harrer
260 ## - PUBLICATION, DISTRIBUTION, ETC.
Place of publication, distribution, etc. london
Name of publisher, distributor, etc. Rupert Hart-Davis
Date of publication, distribution, etc. 1953
300 ## - PHYSICAL DESCRIPTION
Extent 288p;
505 ## - FORMATTED CONTENTS NOTE
Formatted contents note Internment (page-1) Escape (Page-19) Into Tibet (Page-35) The Village of Happiness(page-53) On the Move (Page-71) The Worst Trek of All (Page-89) The Forbidden (Page-111) Calm Waters (Page-126) Asylum Granted (Page-147) Life in Lhasa-1 (Page-161) Life in Lhasa –ii(Page-180) An Attempted Coup D’état (page-199) Communication From the Government (page-209) Tibet Prepares for Trouble (Page-230) Tutor to the Dalai Lama (Page-248) Tibet is Invaded (Page-263) I Leave Tibet (Page-276)
538 ## - SYSTEM DETAILS NOTE
System details note Almirah No. 134 Shelf No.4
942 ## - ADDED ENTRY ELEMENTS (KOHA)
Source of classification or shelving scheme
Koha item type Book
Holdings
Withdrawn status Lost status Source of classification or shelving scheme Damaged status Not for loan Collection code Permanent Location Current Location Date acquired Total Checkouts Full call number Barcode Date last seen Price effective from Koha item type
            Military College of Signals (MCS) Military College of Signals (MCS) 12/12/2016   952.1 HAR MCS36652 12/08/2016 12/12/2016 Book
© 2023 Central Library, National University of Sciences and Technology. All Rights Reserved.